AFL Hawthorn Hawks Player Numbers - Statistics

General Stats
  • This quiz has been taken 71 times
  • The average score is 24 of 42
Answer Stats
Hint Answer % Correct
Nick Watson 5
83%
James Sicily 6
83%
Jack Gunston 19
81%
Mitchell Lewis 2
81%
Jai Newcombe 3
81%
Josh Weddle 23
78%
Dylan Moore 8
78%
Conor Nash 11
75%
Massimo D'Ambrosio 16
75%
Jack Ginnivan 33
75%
Karl Amon 10
72%
Mabior Chol 18
72%
Jarman Impey 4
72%
Calsher Dear 13
69%
Blake Hardwick 15
69%
Lloyd Meek 17
69%
Josh Ward 25
69%
Ned Reeves 7
69%
Will Day 12
67%
Harry Morrison 1
64%
Jack Scrimshaw 14
61%
Connor Macdonald 9
61%
Josh Battle 24
58%
Cam Mackenzie 28
58%
Tom Barrass 37
56%
Henry Hustwaite 44
53%
Finn Maginness 20
50%
Sam Butler 30
50%
James Blanck 36
47%
Matt Hill 41
47%
Max Ramsden 38
42%
Jaime Uhr-Henry 43
36%
Noah Mraz 21
33%
Cameron Nairn 22
33%
Bailey Macdonald 42
33%
William McCabe 27
31%
Oliver Greeves 35
31%
Bodie Ryan 26
28%
Jack Dalton 34
28%
Aidan Schubert 29
25%
Cody Anderson 32
22%
Matthew LeRay 31
19%
No matching quizzes found
Score Distribution
Percent of People with Each Score
Percentile by Number Answered
Your Score History
You have not taken this quiz